00550nam a2200193Ii 450000100060000000300090000600800410001502000150005604000330007104100080010408200200011210000280013224500540016026400490021430000120026333600260027533700280030133800270032918970CO-ViMGA241108s9999||||xx |||||||||||||| ||und|| a9588156351 aCO-ViMGAbspaerdacCO-ViMGA0 aspa04aR 720.9861 S14a1 aAlberto Saldarriaga Roa10aÁlvaro Barrera :barquitectura y restauración 1aBogotá, Colombia : Villegas Editores, 2003 avolumen atextbtxt2rdacontent aunmediatedbn2rdamedia avolumebnc2rdacarrier